000 00675nam a2200229 4500
003 OSt
005 20240604064631.0
006 a
008 240604b |||||||| |||| 00| 0 eng d
020 _a9781259072451
040 _aDWCL-Main lib.
_cOC
082 _2tenth edition
_aCirc. 658.15 B828p 2011
100 _aBrealey, Richard A.
245 _aPrinciples of corporate finance /
250 _atenth edition
260 _aNew York :
_bMcGraw-Hill/Irwin,
_c c2011.
300 _a944 pages :
_billustrations ;
_c 25 cm.
504 _aIncludes glossary
650 _a1. Corporate finance.
700 _aRichard A. Brealey
942 _2ddc
_n0
_cBK-CIRC
_etenth edition
_kCirc.
999 _c127
_d127